000 004710000a22001810004500
003 MACL
005 20160130120158.0
008 160130b xxu||||| |||| 00| 0 eng d
040 _aMACL
_cMACL
041 _aEnglish
082 _a824/SHA
100 _aSharma, Robin
_910132
245 _aThe Secret Letters of The Monk Who Sold His Ferrari
260 _bJAICO Publishing House
_c2012
_aMumbai
350 _a250
650 _aLetters
_935804
942 _cBK
_k824/SHA
_2ddc
999 _c45926
_d45926